Responses for show #5241 - Monday, May 28, 2007

Mehrun Etebari game 3.

Contestants

Grace Tighe, an air traffic controller from Roanoke, Virginia

David Turley, a project manager from Durham, Connecticut

Mehrun Etebari, a grad student from Durham, New Hampshire (whose 2-day cash winnings total $28,400)

Jeopardy! Round responses

DC COMICS
ANIMALS IN LITERATURE
WORLDWIDE WEAPONRY
(Alex: You have to name the country from which each weapon originated.)
CHESS NUTS
GEMSTONES
WORDS INTRODUCED IN THE 20th CENTURY
    $200 26
The Penguin

Grace
    $200 6
Don Quixote

Mehrun
    $200 11
Germany

Mehrun
    $200 16
(Mehrun: What is, um, pick up your hand?)

touch it

MehrunGrace
    $200 17
pearl

Mehrun
    $200 1
a miniskirt

Mehrun
    $400 27
(Mehrun: Who is the Stretch?)

Plastic Man

MehrunDavid
    $400 7
Peter Rabbit

Mehrun
    $400 12
Russia

Grace
    $2,000 18
a pawn

Mehrun
    $400 22
hardness

Mehrun
    $400 2
(David: What is a space ship?)

a flying saucer

MehrunDavid
    $600 28
The Green Arrow

David
    $600 8
Animal Farm

David
    $600 13
Italy

Grace
    $600 19
Lewis Carroll

Mehrun
    $600 23
a ruby

Mehrun
    $600 3
(Grace: What is a serial?)

a miniseries

MehrunGrace
    $800 29
Dick Grayson

Triple Stumper
    $800 9
Aslan

David
    $800 14
China

Mehrun
    $800 20
checkmate & stalemate

Mehrun
    $800 24
South Africa

Triple Stumper
    $800 4
a yuppie

Mehrun
    $1000 30
Swamp Thing

Mehrun
    $1000 10
Paddington Bear

Mehrun
    $1000 15
Israel

Mehrun
    $1000 21
an opening

Mehrun
    $1000 25
opal

Grace
    $1000 5
psychedelic

Mehrun

Scores at the first commercial break (after clue 15):

Mehrun David Grace
$6,600 $1,000 $400

Scores at the end of the Jeopardy! Round:

Mehrun David Grace
$12,600 $2,000 $1,800

Double Jeopardy! Round responses

D.C. COMICS
(Alex: But not any reference this time to comic books.)
AMERICAN WOMEN
DESTINATION: MARS
TOGO A GO-GO
HOW GREAT THOU ART
A LIFE OF "ESE"
    $400 11
Bill Maher

Mehrun
    $400 16
(Julia Ward) Howe

David
    $400 21
(David: What are canyons?)
(Grace: What is canal?)

a crater

DavidGrace
Triple Stumper
    $400 4
coffee

Mehrun
    $400 26
Toulouse-Lautrec

Mehrun
    $400 1
Maltese

Grace
    $800 12
(Mehrun: Who's Mark Twain?)

Will Rogers

MehrunGrace
    $5,000 17
Geraldine Ferraro

David
    $800 22
canals

Grace
    $800 5
(Grace: What is English?)

French

MehrunGrace
    $800 27
Rembrandt

Mehrun
    $800 2
Diocese

Grace
    $1200 13
Dennis Miller

Triple Stumper
    $1200 18
Jane Addams

Grace
    $1200 23
Antarctica

Grace
    $1200 6
a toga

David
    $1200 28
Munch

Mehrun
    $1200 3
Diesel

Mehrun
    $2,200 14
(Grace: What is... Jig and Jag?)

Jon Stewart & Stephen Colbert

Grace
    $1600 19
(Grace: Who is Palmer?)

Fannie Flagg

DavidGrace
    $1600 24
volcano

Mehrun
    $1600 7
president

Mehrun
    $1600 29
Raphael

Triple Stumper
    $1600 9
these

Mehrun
    $2000 15
Mort Sahl

Triple Stumper
    $2000 20
Elizabeth Cady Stanton

Triple Stumper
    $2000 25
(Mehrun: What are Porthos and Deimos?)

Phobos and Deimos

MehrunDavid
    $2000 8
(Mehrun: What is Islam?)

Roman Catholic (or Christianity)

MehrunDavid
    $2000 30
[Albrecht] Dürer

David
    $2000 10
manganese

Mehrun

Scores at the end of the Double Jeopardy! Round:

Mehrun David Grace
$19,800 $15,800 $2,000

[wagering suggestions for these scores]

Final Jeopardy! Round responses

FAMOUS NAMES
GraceWho is Eiffel?
$2,000
DavidWho is Eiffel?
$11,700
MehrunWho is Eiffel?
$13,000
Gustave Eiffel

Final scores:

Mehrun David Grace
$32,800 $27,500 $4,000
3-day champion: $61,200 2nd place: $2,000 3rd place: $1,000

Game dynamics:

Coryat scores:

Mehrun David Grace
$18,200 $11,600 $4,200
30 R
(including 1 DD),
5 W
11 R
(including 1 DD),
2 W
11 R,
5 W
(including 1 DD)

Combined Coryat: $34,000

The J! Archive is created by fans, for fans. The Jeopardy! game show and all elements thereof, including but not limited to copyright and trademark thereto, are the property of Jeopardy Productions, Inc. and are protected under law. This website is not affiliated with, sponsored by, or operated by Jeopardy Productions, Inc. Join the discussion at JBoard.tv.